00267nam a2200121Ia 4500008004100000100001300041245001600054260003000070300000900100650001200109942000700121999001700128190216s9999||||xx |||||||||||||| ||und|| aKarl Max 0aMooladhanam bNational Book Stallc1968 a739p aHistory cBK c18696d18696